000 00921nam a22002537a 4500
005 20240530110353.0
008 141228s2010 ua g b 000 0 ara d
017 _a23252
_bمصر . دار الكتب المصرية
020 _a9770526533
040 _aEG-CaGPL
041 0 _aara
082 0 4 _221
_a153.15\
_bح م
100 0 _aحسنى الجبالى
245 1 0 _aملامح و قضايا التعلم الاجتماعى فى المجتمع العالمى المعاصر :
_bمنظور جديد /
_cحسنى الجبالى
250 _aط 1
260 _aالقاهرة :
_bمكتبة الانجلو المصرية ،
_c2010
300 _a126 ص ؛
_c24 سم
504 _aببليوجرافية : ص 117 - 123
650 0 4 _aالتعلم
650 0 4 _aالتعلم الاجتماعى
650 0 4 _aالتعلم بالملاحظة
942 _2ddc
_cBK
999 _c60108
_d60108